Transnacionálne korporácie a ich dopad na hostiteľské krajiny

Transnacionálne korporácie predstavujú významnú súčasť hospodárstiev tak rozvojových, transformujúcich sa, ale aj rozvinutých krajín. Tieto korporácie pôsobia v hostiteľských ekonomikách najmä prostredníctvom prílevu priamych zahraničných investícií, exportu svojich produktov, ako aj importu statkov...

ver descrição completa

Na minha lista:
Detalhes bibliográficos
Autor principal: Darmo, Ľubomír, 1984-
Formato: Capítulo de Livro
Idioma:eslovaco
Assuntos:
Tags: Adicionar Tag
Sem tags, seja o primeiro a adicionar uma tag!

MARC

LEADER 00000naa$a2200000$$$4500
001 0254591
005 20240712112242.8
041 0 |a slo 
044 |a SK 
245 1 0 |a Transnacionálne korporácie a ich dopad na hostiteľské krajiny  |c Ľubomír Darmo 
520 |a Transnacionálne korporácie predstavujú významnú súčasť hospodárstiev tak rozvojových, transformujúcich sa, ale aj rozvinutých krajín. Tieto korporácie pôsobia v hostiteľských ekonomikách najmä prostredníctvom prílevu priamych zahraničných investícií, exportu svojich produktov, ako aj importu statkov na uskutočnenie výrobného procesu. Svojimi aktivitami transnacionálne korporácie ovplyvňujú produktivitu práce a nezamestnanosť, čo sa prejaví v ekonomickom raste. 
610 2 0 |a korporácie transnacionálne 
610 2 0 |a investície priame zahraničné 
610 2 0 |a obchod zahraničný 
610 2 0 |a zamestnanosť 
610 2 0 |a produktivita práce 
100 1 |a Darmo, Ľubomír, 1984-